Quiz sur 1970 - Statistiques

Statistiques générales
  • Ce quiz a été pris 52 fois
  • Le résultat moyen est 6 sur 20
Statistiques - réponses
Hint Réponse % Correct
Ville dont Edouard Philippe a été élu maire Le Havre
73%
Homme politique français, acteur de la Libération, décédé le 9 novembre 1970 Charles de Gaulle
69%
Président égyptien rentré en fonction en 1956 et qui meurt en 1970 Gamal Abdel Nasser
64%
Auteur du troisième but de France-Brésil 1998, aussi né en 1970 Emmanuel Petit
62%
Ville japonaise qui a accueilli l'Exposition Universelle de 1970 Osaka
56%
Grand guitariste de rock américain gaucher, membre du club des 27 et mort en 1970 Jimi Hendrix
51%
Blockbuster de Christopher Nolan retraçant l'évacuation de la ville du même nom en 1940 Dunkerque
47%
Célèbre actrice, révélée dans les films Pulp Fiction et Kill Bill, née en 1970 Uma Thurman
47%
Président chilien élu cette année-là, dont le penchant pour le gouvernement de gauche intéresse les Etats-Unis et le colonel Pinochet Salvador Allende
40%
Femme politique française d'extrême-gauche, née en 1970 Nathalie Arthaud
36%
Joueur de rugby international français né en 1970 ayant évolué au poste d'arrière, et dont le fils aîné est actuellement demi d'ouverture en Equipe de France Emile Ntamack
29%
Groupe politique sécessioniste auquel appartenait les seize militants du procès de Burgos ETA
24%
Territoire du sud-est nigérian anciennement sécessioniste, objet d'une guerre civile terminée le 15 janvier Biafra
16%
Pays du Moyen-Orient aujourd'hui disparu qui achève sa guerre civile en décembre Yémen du Nord
16%
Acteur américain révélé dans les Feux de l'Amour, et jouant l'un des personnages principaux de la série policière Swat Shemar Moore
11%
Traité qui avait pour but en 1970 d'interdire toute intervention militaire répressive dans le bloc de l'Est Moscou
4%
Guitariste des Red Hot Chili Peppers, né à Astoria le 5 mars John Frusciante
2%
Ville allemande qui vit une poignée de main entre les dirigeants des deux Allemagnes, annonciateur d'un début de résolution du problème allemand Erfurt
0%
Ancien grand président argentin, enlevé et exécuté en juin pour son rôle dans le coup d'état de 1955 contre Juan Peron Pedro Aramburu
0%
Nom du régime arrivé au pouvoir au Cambodge en 1970 République Khmère
0%
Aucun quiz correspondant
Distribution des résultats
% des personnes avec chaque résultat
Percentile par nombre de réponses
Votre historique - résultats
Vous n’avez pas pris ce quiz